00569nam a2200145Ia 4500008004100000020001800041100001900059245003900078260003900117650002200156650009200178856004400270999001900314952009000333171212s9999 xx 000 0 und d a9780874211658 aJones, Michael cJones, MichaelaExploring Folk Art bUniversity Press of Coloradoc1987 aArt & Art History aFolk art -- United States; Material culture -- United States; Folklore -- United States uhttp://www.jstor.org/stable/j.ctt46nz8v c353060d353060 001040aCLbCLd2017-12-12l0oNK805.J665 1993r2017-12-12 00:00:00w2017-12-12yCBE